000 00386nam a2200157Ia 4500
005 20250508152758.0
008 008 250505s9999 xx 000 0 eng d
037 _aTextual
040 _aFEDL
_beng
_cFEDL
041 _aeng
_2eng
084 _a428, TAY
_qFEDL
245 0 _aNew nation english
300 _a31p.
942 _cTEXL
_h428, TAY
999 _c1338704
_d1338704